Responses for show #6390 - Friday, June 1, 2012

Clip of this game shown in the eleventh Season 1 episode of House of Cards.

Contestants

D.J. Perry, a burrito architect from Houston, Texas

Claudia Gray, a substitute teacher from Monrovia, California

John Baker, a home inspector from Dixon, Illinois (whose 1-day cash winnings total $11,300)

Jeopardy! Round responses

PRESIDENTIAL CAMPAIGN SLOGANS
DAY SONGS
ALSO A BIRD
PENINSULAS
CUTS LIKE A KNIFE
AN "R_____T" CATEGORY
(Alex: Responses will begin with the letter "R" and end with the letter "T".)
    $200 6
(Abraham) Lincoln

D.J.
    $200 12
Simon & Garfunkel

Claudia
    $200 1
(Alex: Yeah, that's a bird.)

swallow

D.J.
    $200 7
Ireland

Claudia
    $200 26
the guillotine

D.J.
    $200 17
(Alex: [*]--that's "R__T.")

a rocket

John
    $400 22
(D.J.: Who is Carter?)
...
(Alex: [*]--1976.)

Ford

JohnD.J.
    $400 13
"Manic Monday"

D.J.
    $400 2
a dove

Claudia
    $400 8
(D.J.: What is the Yucatan?)
(John: What is the--uh--)
...
(Alex: Claudia's not going to ring in to come up with [*]. That's a peninsula.)

Baja, California

JohnD.J.
Triple Stumper
    $400 27
Bic

Claudia
    $400 18
(John: Who is F.D.R.--Franklin Delano [*]?)
(D.J.: Who is Teddy [*]?)
(Alex: You picked the wrong one, John. If you'd've just said [*], you'd've been okay.)

Roosevelt

JohnD.J.
    $600 23
Benjamin Harrison

Claudia
    $600 14
(D.J.: What is "Friday"? What is [*]?)

"Last Friday Night"

D.J.
    $600 3
crane

John
    $600 9
New Zealand

Claudia
    $600 28
a scythe

John
    $600 19
(Claudia: What is the Christian Coalition?)
...
(Alex: Yes, the "R___T.")

the Religious Right

ClaudiaD.J.
    $800 24
McKinley

D.J.
    $800 15
Jim Croce

Claudia
    $800 4
a swift

Triple Stumper
    $1,200 10
(Claudia: What is the Arabian Peninsula?)

the Sinai Peninsula

Claudia
    $800 29
a machete

John
    $800 20
(Alex: The "R___T" in this case is [*].)

Robert

Triple Stumper
    $1000 25
(Barry) Goldwater

Claudia
    $1000 16
(John: What is "Daydream Believer"?)

"Pleasant Valley Sunday"

JohnClaudia
    $1000 5
a turkey

John
    $1000 11
the Crimean

D.J.
    $1000 30
a bayonet

John
    $1000 21
reagent

John

Scores at the first commercial break (after clue 15):

John Claudia D.J.
$1,200 $1,000 $2,000

Scores at the end of the Jeopardy! Round:

John Claudia D.J.
$3,800 $3,400 $3,600

Double Jeopardy! Round responses

THE WRIGHT STUFF
THE "RONG" STUFF
PLAY CHARACTERS
WHAT'S YOUR PLEASURE?
FRENCH FILMS
PHYSICS
    $400 3
(John: What is South Carolina?)

North Carolina

JohnD.J.
    $400 2
Armstrong

John
    $400 1
Miss Daisy

D.J.
    $400 17
eating (or food)

Claudia
    $400 26
(Marion) Cotillard

John
    $400 8
Einstein

D.J.
    $800 4
(John: What is Sim City?)

The Sims

JohnD.J.
    $800 22
throng

John
    $800 13
Ariel

D.J.
    $800 18
books

Claudia
    $800 27
The Artist

Claudia
    $800 9
cryogenics

Claudia
    $1200 5
The Audacity of Hope

Triple Stumper
    $1200 23
a sarong

D.J.
    $1200 14
Three Sisters

D.J.
    $1200 19
wine

Claudia
    $1200 28
Amelie

John
    $1200 10
tension

John
    $1600 6
Richard Wright

John
    $1600 24
headstrong

D.J.
    $1600 15
Waiting for Godot

John
    $1600 20
trees

D.J.
    $1600 29
Rio de Janeiro

Claudia
    $1600 11
(John: What is chaos?)

entropy

JohnD.J.
    $2000 7
Patterson

John
    $2000 25
pronghorn

John
    $800 16
(John: What is The Prodigal Son?)

Alex: No, the important word in the clue, I think, was "awaiteth", because the play is [*]

The Iceman Cometh

John
    $2000 21
(D.J.: What is writing?)

words

JohnD.J.
    $2000 30
Francois Truffaut

Triple Stumper
    $2,000 12
coherent

D.J.

Scores at the end of the Double Jeopardy! Round:

John Claudia D.J.
$13,400 $9,000 $13,600

[wagering suggestions for these scores]

Final Jeopardy! Round responses

WORD ORIGINS
ClaudiaWhat is ___?
$1,000
JohnWhat is
$5,700
D.J.What is a siege?
$13,201
ambush

Final scores:

John Claudia D.J.
$7,700 $8,000 $399
2nd place: $2,000 New champion: $8,000 3rd place: $1,000

Game dynamics:

Coryat scores:

John Claudia D.J.
$14,200 $10,200 $13,600
18 R,
7 W
(including 1 DD)
15 R,
2 W
(including 1 DD)
20 R
(including 1 DD),
3 W

Combined Coryat: $38,000

The J! Archive is created by fans, for fans. The Jeopardy! game show and all elements thereof, including but not limited to copyright and trademark thereto, are the property of Jeopardy Productions, Inc. and are protected under law. This website is not affiliated with, sponsored by, or operated by Jeopardy Productions, Inc. Join the discussion at JBoard.tv.